Statistics for MLB 40 Players With The Most RBIs 2017

Click here to take the quiz!

General Stats

  • This quiz has been taken 71 times
  • The average score is 14 of 40

Answer Stats

Team and How Many RBIsPlayer% Correct
Marlins 132Giancarlo Stanton
87%
Rockies 130Nolan Arenado
85%
Yankees 114Aaron Judge
78%
Diamondbacks 120Paul Goldschmidt
76%
Mariners 119Nelson Cruz
63%
Cubs 109Anthony Rizzo
57%
Reds 100Joey Votto
56%
Athletics 110Khris Davis
56%
Tigers/Diamondbacks 104JD Martinez
54%
White Sox 102Jose Abreu
54%
Red Sox 102Mookie Betts
54%
Rockies 104Charlie Blackmon
52%
Angels/Tigers 109Justin Upton
46%
Orioles 95Manny Machado
46%
Marlins 124Marcell Ozuna
44%
Nationals 108Ryan Zimmerman
44%
Mariners 97Robinson Cano
41%
Angels 101Albert Pujols
39%
Indians 89Francisco Lindor
39%
Indians/Mets 101Jay Bruce
37%
Nationals 100Anthony Rendon
33%
Indians 107Edwin Encarnacion
33%
Royals 94Eric Hosmer
31%
Nationals 93Daniel Murphy
28%
Dodgers 97Cody Bellinger
26%
Twins 93Brian Dozier
24%
Pirates 88Andrew McCutchen
22%
Yankees 90Gary Sanchez
22%
Diamondbacks 105Jake Lamb
20%
Reds 97Scooter Gennett
20%
Orioles 105Jonathan Schoop
13%
Reds 99Adam Duvall
11%
Blue Jays 90Justin Smoak
11%
Pirates 90Josh Bell
7%
Astros 90Marwin Gonzalez
7%
Tigers 101Nicholas Castellanos
7%
Red Sox 90Andrew Benintendi
6%
Rockies 97Mark Reynolds
6%
Rangers 101Nomar Mazara
4%
Twins 101Travis Shaw
2%

Score Distribution

Percentile by Number Answered

Percent of People with Each Score

Your Score History

You have not taken this quiz